LEADER 01060nam a2200229 i 4500 001 000000044889 003 CaOOAMICUS 005 20100315000000.0 008 100315s1991 it u000 u ita u 013 $a16059 040 $aSeMil$bita 100 1 $aCorti, Renato,$c.$0(OLS)http://semarc/name/16279 245 10$aPietro e Maria :$bassimilare e tradurre il 20. Sinodo diocesano : lettera pastorale per l'anno 1991-1992 /$cRenato Corti. 260 $aNovara :$b[s.n.],$c[1992] 300 $a87 p. ;$c21 cm. 650 4$aVescovi novaresi - Lettere pastorali.$0(OLS)http://semarc/subject/9619 650 4$aVescovi - Lettere pastorali.$0(OLS)http://semarc/subject/746 850 $aSeMil 852 $aSeMil$W1$xVenegono$y1$m2F II 283$j11044$B11044$CSeMilBibl$Z2$F11044 $81 961 $aOmaggio: Donazione 996 $6245$aPietro e Maria :$bassimilare e tradurre il 20. Sinodo diocesano : lettera pastorale per l'anno 1991-1992$9(OLS)http://semarc/title/66585 996 $6260$aNovara :$b[s.n.]$9(OLS)http://semarc/publisher/30468